The deserted library mystery / (Record no. 1412)

MARC details
000 -LEADER
fixed length control field 01406cam a2200373 a 4500
005 - DATE AND TIME OF LATEST TRANSACTION
control field 20231124145835.0
020 ## - INTERNATIONAL STANDARD BOOK NUMBER
International Standard Book Number 0807515612 (hardback)
020 ## - INTERNATIONAL STANDARD BOOK NUMBER
International Standard Book Number 0590449850
040 ## - CATALOGING SOURCE
Original cataloging agency DLC
Transcribing agency DLC
Modifying agency DLC
-- OCoLC
-- DLC
Language of cataloging eng
050 00 - LIBRARY OF CONGRESS CALL NUMBER
Classification number PZ7.W244
Item number De 1991
082 00 - DEWEY DECIMAL CLASSIFICATION NUMBER
Classification number 813.54
100 1# - MAIN ENTRY--PERSONAL NAME
Personal name Warner, Gertrude Chandler
Dates associated with a name 1890-1979.
245 14 - TITLE STATEMENT
Title The deserted library mystery /
Statement of responsibility, etc. by Gertrude Chandler Warner ; illustrated by Charles Tang.
250 ## - EDITION STATEMENT
Edition statement First Scholastic prinitng, October 1991
260 ## - PUBLICATION, DISTRIBUTION, ETC.
Place of publication, distribution, etc. Morton Grove :
Name of publisher, distributor, etc. Scholastic,
Date of publication, distribution, etc. 1991
300 ## - PHYSICAL DESCRIPTION
Extent 121 pages :
Other physical details illustrations ;
Dimensions 20 cm
490 1# - SERIES STATEMENT
Series statement The Boxcar children mysteries
Volume/sequential designation Book 21
505 ## - FORMATTED CONTENTS NOTE
Formatted contents note M <br/>
520 ## - SUMMARY, ETC.
Summary, etc. At an old library, the Alden children discover a boy who needs their help and a stranger who is after a valuable object they found in the library.
521 ## - TARGET AUDIENCE NOTE
Target audience note 540 <br/>
Source Lexile <br/>
521 ## - TARGET AUDIENCE NOTE
Target audience note M <br/>
Source Raz-Plus <br/>
650 #0 - SUBJECT ADDED ENTRY--TOPICAL TERM
Topical term or geographic name entry element Boxcar children (Fictitious characters)
Form subdivision Juvenile fiction.
650 #0 - SUBJECT ADDED ENTRY--TOPICAL TERM
Topical term or geographic name entry element Orphans
Form subdivision Juvenile fiction.
650 #0 - SUBJECT ADDED ENTRY--TOPICAL TERM
Topical term or geographic name entry element Families
Form subdivision Juvenile fiction.
650 #1 - SUBJECT ADDED ENTRY--TOPICAL TERM
Topical term or geographic name entry element Brothers and sisters
Form subdivision Fiction.
650 #1 - SUBJECT ADDED ENTRY--TOPICAL TERM
Topical term or geographic name entry element Orphans
Form subdivision Fiction.
650 #1 - SUBJECT ADDED ENTRY--TOPICAL TERM
Topical term or geographic name entry element Libraries
Form subdivision Fiction.
650 #1 - SUBJECT ADDED ENTRY--TOPICAL TERM
Topical term or geographic name entry element Mystery and detective stories.
655 #7 - INDEX TERM--GENRE/FORM
Genre/form data or focus term Detective and mystery stories.
Source of term gsafd
700 1# - ADDED ENTRY--PERSONAL NAME
Personal name Tang, Charles
Relator term illustrator
906 ## - LOCAL DATA ELEMENT F, LDF (RLIN)
a 7
b cbc
c orignew
d 1
e ocip
f 19
g y-gencatlg
942 ## - ADDED ENTRY ELEMENTS (KOHA)
Source of classification or shelving scheme Dewey Decimal Classification
Koha item type Books
Suppress in OPAC No
999 ## -
-- 1412
-- 1412
Holdings
Withdrawn status Lost status Source of classification or shelving scheme Damaged status Not for loan Collection Home library Current library Shelving location Date acquired Total Checkouts Full call number Barcode Date last seen Price effective from Koha item type
    Dewey Decimal Classification     Juvenile Fiction Footprints International School Library Network Toul Kork Campus Footprints International School Library Network Toul Kork Campus   08/24/2023   WAR 813.54 PZ7.W244 FIS03686 08/24/2023 08/24/2023 Books